000 00576nam a2200241 a 4500
001 nice12345678
003 IN_TiNIC
005 20260116013011.0
008 050524s1910 enga grp 000 0 eng
020 _a
_c100
082 0 0 _a270
_bCOW
100 _aCowan, D D Henry
245 _aLandmarks of Churh History
260 _aEngland
_bA.C Black, Soho Square
_c1910
300 _a188p
500 _aincludes index and biblioraphy
505 2 _aIndex
650 _aChurch-History
700 1 _aCowan, D D Henry
902 _bSRS
942 _cBK
999 _c9220
_d9220